| 000 | 00827nam a22002297a 4500 | ||
|---|---|---|---|
| 999 |
_c3768 _d3768 |
||
| 003 | AR-CdUCM | ||
| 008 | 190307b ||||| |||| 00| 0 spa d | ||
| 020 | _a9972-42-344-1 | ||
| 040 |
_aMUNICIPALIDAD PROVINCIAL DEL CUSCO _cBIBLIOTECA MUNICIPAL DEL CUSCO |
||
| 082 |
_a346.09 / _bR24 |
||
| 100 |
_aRamos Núñez, Carlos _912178 |
||
| 245 |
_aHistoria del derecho civil peruano : _bsiglos XIX y XX / |
||
| 260 |
_aLima : _bFondo Editorial de la Pontificia Universidad Católica del Perú, _c2001. |
||
| 300 |
_a429 páginas ; _c21 cm. |
||
| 505 | _aContenido: t.2: La codificación del siglo XIX: Los códigos de la confederación y el código civil de 1852. | ||
| 650 |
_aSiglos XIX-XX _912179 |
||
| 650 |
_aDerecho civil _97386 |
||
| 650 |
_aPerú _935 |
||
| 650 |
_aHistoria _9136 |
||
| 942 |
_2ddc _cLIBROS |
||
| 945 | _azta | ||